Plastering (Record no. 81983)

MARC details
000 -LEADER
fixed length control field 00721nam a2200181 a 4500
008 - FIXED-LENGTH DATA ELEMENTS--GENERAL INFORMATION
fixed length control field 120416s1971 ||||||||||||||||| || u
020 ## - INTERNATIONAL STANDARD BOOK NUMBER
International Standard Book Number 0826906575
050 ## - LIBRARY OF CONGRESS CALL NUMBER
Classification number TH 8131 Van
100 ## - MAIN ENTRY--PERSONAL NAME
Personal name Van Den Branden, Felicien
245 10 - TITLE STATEMENT
Title Plastering
246 ## -
-- skill and practice
250 ## - EDITION STATEMENT
Edition statement 2nd ed.
260 ## - PUBLICATION, DISTRIBUTION, ETC.
Place of publication, distribution, etc. Chicago
Name of publisher, distributor, etc. American Technical Society
Date of publication, distribution, etc. 1971
300 ## - PHYSICAL DESCRIPTION
Extent vi, 543p. : ill.
350 ## -
-- 0.00
995 ## -
-- MAIN LIBRARY OPEN ACCESS
-- 0.00
-- 714842
-- CBU-MAIN LIBRARY (Kitwe)
-- 1
-- 5.00
-- TH 8131 Van
-- AVAILABLE
-- 016795
-- Main Library Open Access Collection
995 ## -
-- MAIN LIBRARY OPEN ACCESS
-- 0.00
-- 016796
-- CBU-MAIN LIBRARY (Kitwe)
-- 2
-- 5.00
-- TH 8131 Van
-- AVAILABLE
-- 016796
-- Main Library Open Access Collection
999 ## -
-- 81983
-- 81983
Holdings
Withdrawn status Lost status Source of classification or shelving scheme Damaged status Not for loan Permanent Location Current Location Shelving location Date acquired Total Checkouts Full call number Barcode Date last seen Copy number Price effective from Koha item type
          CBU-MAIN LIBRARY, KITWE. CBU-MAIN LIBRARY, KITWE.   09/12/2023   TH 8131 Van 016795 09/12/2023 1 09/12/2023 MONOGRAPH
          CBU-MAIN LIBRARY, KITWE. CBU-MAIN LIBRARY, KITWE.   09/12/2023   TH 8131 Van 016796 09/12/2023 2 09/12/2023 MONOGRAPH